| 000 | 00746nam a2200229 4500 | ||
|---|---|---|---|
| 003 | OSt | ||
| 005 | 20240606022332.0 | ||
| 006 | a | ||
| 008 | 240606b |||||||| |||| 00| 0 eng d | ||
| 020 | _a9789719919339 | ||
| 040 |
_aDWCL-Main lib. _cOC |
||
| 082 |
_22013 revised edition _aFil. 657 V173p 2013 |
||
| 100 | _aValix, Conrado T | ||
| 245 | _aPractical accounting one : CPA examination (includes SMEs), volume 1 / | ||
| 250 | _a2013 revised edition | ||
| 260 |
_aManila : _bGIC Enterprises, _cc2013. |
||
| 300 |
_b703 p. ; _c22 cm. |
||
| 650 | _a1. Accounting–Problems, exercises, etc. | ||
| 650 | _a2. Accounting–Examinations, questions, etc. | ||
| 700 | _aConrado T. Valix | ||
| 942 |
_2ddc _n0 _cBK - FIL _e2013 revised edition _kFil. |
||
| 999 |
_c242 _d242 |
||